| 000 | 00667nam a2200217 i 4500 | ||
|---|---|---|---|
| 001 | 15126 | ||
| 003 | ES-MaACL | ||
| 005 | 20230906151008.0 | ||
| 007 | t| | ||
| 008 | 991222s1997 sp ||||1| spa d | ||
| 080 | _a821.134.2(82) Borges, Jorge Luis 1.08 | ||
| 100 | 1 |
_aIndart, Juan Carlos. _965246 |
|
| 245 | 1 | 3 |
_aLa luna de Borges _b: acerca de la metáfora / _cJuan Carlos Indart. |
| 260 |
_aMadrid : _bJ.C. Indart, _c1997. |
||
| 300 |
_a53 p. ; _c21 cm. |
||
| 490 | 1 | _aBiblioteca del taller | |
| 600 | 1 | 4 |
_aBorges, Jorge Luis- _xLenguaje. _930465 |
| 830 | 0 |
_aBiblioteca del taller _9179724 |
|
| 852 |
_aES-MaACL _jL-22301 _bR.127746 |
||
| 999 |
_c15126 _d15126 |
||